BSOP header

The Canonical lamentations of ancient Mesopotamia / (Record no. 45917)

MARC details
000 -LEADER
fixed length control field 01001aam a2200337 a 4500
001 - CONTROL NUMBER
control field 27072369
003 - CONTROL NUMBER IDENTIFIER
control field OCoLC
005 - DATE AND TIME OF LATEST TRANSACTION
control field 20190401164348.0
008 - FIXED-LENGTH DATA ELEMENTS--GENERAL INFORMATION
fixed length control field 921008s1988 mdu- b o 1 0 eng
010 ## - LIBRARY OF CONGRESS CONTROL NUMBER
LC control number 92225970
020 ## - INTERNATIONAL STANDARD BOOK NUMBER
International Standard Book Number 0962001309
020 ## - INTERNATIONAL STANDARD BOOK NUMBER
International Standard Book Number 0962001317 (v. 2)
035 ## - SYSTEM CONTROL NUMBER
System control number ocm27072369
035 ## - SYSTEM CONTROL NUMBER
System control number (MultiLIS)01-1077546
040 ## - CATALOGING SOURCE
Original cataloging agency DLC
Transcribing agency DLC
Modifying agency DWT
041 1# - LANGUAGE CODE
Language code of text/sound track or separate title engsum
Language code of original and/or intermediate translations of text sum
043 ## - GEOGRAPHIC AREA CODE
Geographic area code a-iq---
049 ## - LOCAL HOLDINGS (OCLC)
Holding library IYUU
100 ## - MAIN ENTRY--PERSONAL NAME
Personal name Cohen, Mark E.
245 04 - TITLE STATEMENT
Title The Canonical lamentations of ancient Mesopotamia /
Statement of responsibility, etc by Mark E. Cohen.
260 ## - PUBLICATION, DISTRIBUTION, ETC. (IMPRINT)
Place of publication, distribution, etc Potomac, Md. :
Name of publisher, distributor, etc Capital Decisions,
Date of publication, distribution, etc 1988.
300 ## - PHYSICAL DESCRIPTION
Extent 2 v. (843 p.) :
Other physical details ill. ;
Dimensions 29 cm.
336 ## - CONTENT TYPE
Content Type Term text
337 ## - MEDIA TYPE
Media Type Term unmediated
338 ## - CARRIER TYPE
Carrier Type Term volume
500 ## - GENERAL NOTE
General note Sumerian texts in cuneiform and romanization; translations and commentary in English.
504 ## - BIBLIOGRAPHY, ETC. NOTE
Bibliography, etc Includes bibliographical references (p. [9]-[10]) and index.
650 #0 - SUBJECT ADDED ENTRY--TOPICAL TERM
Topical term or geographic name as entry element Sumerian language
Form subdivision Texts.
650 #0 - SUBJECT ADDED ENTRY--TOPICAL TERM
Topical term or geographic name as entry element Laments
Geographic subdivision Iraq.
942 ## - ADDED ENTRY ELEMENTS (KOHA)
Source of classification or shelving scheme Library of Congress Classification
Item type Books
Holdings
Withdrawn status Lost status Source of classification or shelving scheme Damaged status Not for loan Home library Current library Shelving location Date acquired Source of acquisition Inventory number Total Checkouts Full call number Barcode Date last seen Price effective from Koha item type
    Library of Congress Classification     BSOP Library BSOP Library David Weisberg Collection 03/19/2019 Donated by Dr. David and Oprah Weisberg 45720   PJ4061 C66 1988 00056720 03/19/2019 03/19/2019 Books
BSOP

Biblical Seminary of the Philippines
  All rights Reserved
  © 2024

CONTACT INFORMATION

Biblical Seminary of the Philippines,
  77-B Karuhatan Road, Valenzuela City,
  PHILIPPINES 1441
  Phone: +632 8292-6795 / 8292-6798
  Fax : +632 8292-6675
  Email: library@bsop.edu.ph